Cucho / (Registro nro. 8441)

Detalles MARC
000 -LIDER
fixed length control field 00703nam a22002537a 4500
003 - IDENTIFICACDOR DE NÚMERO DE CONTROL
control field DO-SdBNP
005 - DATE AND TIME OF LATEST TRANSACTION
control field 20180220090234.0
008 - ELEMENTOS DE LONGITUD FIJA
fixed length control field 151023b 1992 sp a 00| 0 spa d
020 ## - ISBN
International Standard Book Number 8434811693
040 ## - FUENTE DE CATALOGACIÓN
Agencia que crea de manera original el registro BPMSU
Idioma de catalogación spa
Agencia que realiza la transcripción BPMSU
100 ## - ASIENTO PRINCIPAL -- NOMBRE PERSONAL
Término de relación Olaizola, José Luis
245 ## - MENCIÓN DE TITULO
Título Cucho /
Mención de responsabilidad José Luis Olaizola
250 ## - MENCIÓN DE EDICION
Mención de edición 13a. ed.
260 ## - PUBLICACIÓN, DISTRIBUCIÓN, ETC. (PIE DE IMPRENTA)
Lugar de publicación, distribución, etc Madrid :
Nombre del editor, distribuidor, etc. SM,
Fecha de publicación, distribución, etc 1992.
300 ## - DESCRIPCIÓN FÍSICA
Extensión 96 p. :
Otros detalles físicos il.
Dimensiones 20 cm
490 0# - MENCIÓN DE SERIES
Mención de serie El barco de vapor, serie naranja
Volume/sequential designation 19
521 ## - TARGET AUDIENCE NOTE
Target audience note A partir de 9 años.
586 ## - AWARDS NOTE
Awards note El barco de vapor, 1982.
586 ## - AWARDS NOTE
Awards note Planeta, 1983.
830 #0 - ASIENTO SECUNDARIO DE SERIE--TÍTULO UNIFORME
Título uniforme El barco de vapor
Información miscelánea Serie naranja
Volume number/sequential designation 19
942 ## - ADDED ENTRY ELEMENTS (KOHA)
Source of classification or shelving scheme Dewey Decimal Classification
Koha item type Libros
945 ## - INFORMACIÓN DE PROCESAMIENTO LOCAL
Información de procesamiento local Inventariado, 2018/ YL
956 ## - LOCAL ELECTRONIC LOCATION AND ACCESS (OCLC)
Nombre de host daysi garcia
Existencias
Withdrawn status Lost status Source of classification or shelving scheme Damaged status Not for loan Collection code Home library Current library Date acquired Source of acquisition Total Checkouts Barcode Date last seen Price effective from Koha item type
    Dewey Decimal Classification     Colección Infantil General Biblioteca Pública Metropolitana Salomé Ureña Biblioteca Pública Metropolitana Salomé Ureña 02/20/2018 Donación   BPMSU18020179 02/20/2018 02/20/2018 Libros